| 000 | 00741nam a22002177a 4500 | ||
|---|---|---|---|
| 003 | OSt | ||
| 005 | 20251125134602.0 | ||
| 008 | 251125b |||||||| |||| 00| 0 eng d | ||
| 020 | _a971-513-199-9. | ||
| 040 |
_aDWC-Main lib _cOC |
||
| 082 | _aCirc. 610.73 P173 2006 | ||
| 100 | _aPalmejar, M. | ||
| 245 |
_aCompanion to essentials in nursing _cPalmejar, Menchie P. |
||
| 260 |
_aManila : _bEducational Publishing House, _c[c2006?]. |
||
| 300 |
_axxi, 360 pages ; _c18 cm. |
||
| 504 | _aIncludes bibliographical references. | ||
| 650 | _2Nursing performance procedure and rationale. | ||
| 650 | _2Nursing theories. | ||
| 650 | _2Nursing. | ||
| 942 |
_2ddc _cBK-CIRC _hCirc. 610.73 P173 2006 _kCirc. _n0 |
||
| 999 |
_c6273 _d6273 |
||